000 00831nam a2200229 a 4500
001 000048782
005 20201002061414.0
008 190412s2016 dr 000 0 spa d
020 _a9788460881155
040 _aDO-SdBNP
_bspa
_cBNPHU
082 _axxx
_bM617a
100 1 _aMezilas, Glodel
_976236
245 1 0 _aÁfrica y discurso de identidad en el caribe /
_cGlodel Mezilas.
260 _aEspaña :
_bSolenodonte,
_bMínimas,
_c2016.
300 _a64 p. ;
_c21 cm.
490 1 _aEdiciones de ACUDEBI;
500 _aIncluye datos biografícos del autor en la solapa de la portada.
500 _aIncluye notas a pie de páginas
590 _aInventariado, 2019/ YL
500 _aAsociación Cultural y de Cooperación al Desarrollo de la Biblioteca República Dominicana (ACUDEBI).
830 0 _aEdiciones de ACUDEBI
_976232
999 _c48270
_d48270